Toutes les Techniques de Gabi/Kirino D'Inazuma Eleven - Statistiques

Statistiques générales
  • Ce quiz a été pris 25 fois
  • Le résultat moyen est 5 sur 6
Statistiques - réponses
Réponse Type de quiz Première Utilisation % Correct
Brume Illusoire DEF GO
100%
Brume Épaisse DEF GO CS
89%
Jeanne d'Arc MIXIMAX GO CS
84%
La Flamme DEF GO CS
84%
Brunehilde, La Walkyrie Porte-Drapeau Esprit Guerrier GO CS
58%
Volonté des Walkyries DEF EG GO CS
37%
Aucun quiz correspondant
Distribution des résultats
% des personnes avec chaque résultat
Percentile par nombre de réponses
Votre historique - résultats
Vous n’avez pas pris ce quiz